000 01742nam0a22002771 4500
001 rc\4646192
005 20130416201832.1
021 _aRU
_b[61-22830]
035 _a(NLR Aleph) 008688566
090 _a9224119
_c9224119
100 _a20130416d1961 |||y0rusy50 ca
101 0 _arus
102 _aRU
105 _aa z |||||
200 1 _aТруды Совещания главных окулистов [РСФСР] и XXII выездной научной сессии Государственного научно-исследовательского института глазных болезней им. Гельмгольца. Саранск, 7-9 октября 1958 г.
_f[Ред. коллегия: А.В. Рославцев (отв. ред.) и др.]
_gМ-во здравоохранения РСФСР. М-во здравоохранения Мордов. АССР. Гос. науч.-исслед. ин-т глазных болезней им. Гельмгольца. Науч. о-во офтальмологов Мордов. АССР
210 _aСаранск
_cМорд. кн. изд-во
_d1961
215 _a251 с., 6 л. ил.
_cчерт.
_d23
606 _aГлазные болезни
_jСборники
_2psbo
702 1 _aРославцев
_bА. В.
_gАлександр Васильевич
_4340
710 1 2 _aСовещание главных окулистов РСФСР
_f1958
_eСаранск
_3RU\NLR\AUTH\8810088333
712 0 2 _aНИИ глазных болезней им. Гельмгольца
_cМосква
_bНаучная сессия
_d22
_f1958
_eСаранск
_3RU\NLR\AUTH\8810107256
801 0 _aRU
_bNLR
_gpsbo
801 1 _aRU
_bELAR
_2rusmarc
852 _aNLR
_j61-5/1654
942 _cBOOK
980 _aNB